01070nam a2200253 a 4500001001000000003000500010005001700015008004100032010001100073011001100084040000900095100003600104245014300140260004100283500006000324502011700384650004400501650005700545650004100602650004500643650003500688700002300723856007000746000113700CHAP20220329144409.0170911s2017 mx sm |||||||spa d a110161 a111133 cCHAP1 aRamos Cruz, Emilio Austreberto.10aComposición nutritiva de cuatro leguminosas del Estado de Veracruzh[En línea]cpor Emilio Austreberto Ramos Cruz y Fausto Ramos Cruz. aChapingo, Méx. :bEl autor,c2017. aPara ver el contenido del material haga clic en la liga aTesis (Ing. Agr. Esp. en Zootecnia) -- UACH. Departamento de Enseñanza Investigación y Servicio en Zootecnia14aLeguminosas forrajerasxDigestibilidad.14aLeguminosas forrajerasxFisiología y morfología.14aLeguminosas forrajerasxProteínas.14aLeguminosas forrajerasxValor nutritivo.14aMateria secaxDeterminación.1 aRamos Cruz, Fausto aFinding aiduhttp://10.13.5.2/tesis/sist113700.pdfzTeclea aquí